Tala

Saved in:
Bibliografiske detaljer
Format: Bog
Sprog:spansk
Udgivet: Santiago Andrés Bello 1979
Serier:Biblioteca Andrés Bello, 22
Fag:
Tags: Tilføj Tag
Ingen Tags, Vær først til at tagge denne postø!

MARC

LEADER 00000nam a2200000 a 4500
001 UCQ2252
003 CL-VaPUC
008 980724e19790000CL |||||||||||||||||spa|d
082 0 4 |a Ch861  |b MIS  |2 21 
245 1 0 |a Tala 
300 |a 166 p 
942 |c BK 
945 |d 19980724 00:00:00  |a lriquelm 
260 |a Santiago  |b Andrés Bello  |c 1979 
650 0 |a Poesías chilenas   |9 265280 
650 0 |a Literatura chilena   |9 308278 
583 |a last modification  |c 19980724 00:00:00  |k Rodrigo Vera 
490 0 |a Biblioteca Andrés Bello, 22 
999 |c 273089  |d 273087 
952 |0 0  |1 0  |4 0  |6 CH_861_000000000000000_MIS_1979  |7 0  |8 A  |9 308381  |a BIBEDU  |b BIBEDU  |c ES_NOD  |d 2019-11-20  |i 1443844  |l 1  |m 1  |o Ch861 MIS 1979  |p 1443844  |r 2023-10-20  |s 2023-10-06  |w 2019-11-20  |y BK  |k LIT 
952 |0 0  |1 0  |4 0  |6 CH_861_000000000000000_MIS_1979  |7 0  |8 A  |9 308382  |a BIBEDU  |b BIBEDU  |c ES_NOD  |d 2019-11-20  |i 1443895  |l 3  |m 1  |o Ch861 MIS 1979  |p 1443895  |r 2024-04-04  |s 2024-04-02  |w 2019-11-20  |y BK  |k LIT